| 000 | 00568nam a2200205Ia 4500 | ||
|---|---|---|---|
| 001 | 64099 | ||
| 008 | 191204n ii |||gr||||Z||||||465 | ||
| 020 | _a9788131248850 | ||
| 082 | _a574.19 | ||
| 100 |
_aSatyanarayana, U, _eAuthor., |
||
| 245 | 0 |
_aBiochemistry _cby U Satyanarayana and U Chakrapani _hTextual Documents |
|
| 250 | _a5th rev ed. | ||
| 260 |
_aNew York _bElsevier _c2017. |
||
| 300 |
_aiv, 777p: _c27cm. |
||
| 653 | _aChemistry | ||
| 653 | _aBiochemistry, Chemisitry | ||
| 653 | _aPG-Chemistry | ||
| 700 |
_aChakrapani, U, _eAuhor. |
||
| 942 |
_2ddc _cBK |
||
| 999 |
_c65199 _d65199 |
||